Actual Trends in the Managerial Accounting of Enterprise Sustainable Development

Základné princípy, definícia a klasifikácia zodpovednosti spoločností na trvalo udržateľnom rozvoji. Ciele a úlohy manažmentu. Legislatíva EÚ a Slovenska v tejto oblasti.

Saved in:
Bibliographic Details
Main Author: Dubcová, Gabriela, 1968-
Other Authors: Foltínová, Ľubica, 1975-
Format: Book Chapter
Language:Slovak
Subjects:
Tags: Add Tag
No Tags, Be the first to tag this record!

MARC

LEADER 00000naa$a2200000$$$4500
001 0254479
005 20240527090545.6
041 0 |a slo 
044 |a SK 
245 1 0 |a Actual Trends in the Managerial Accounting of Enterprise Sustainable Development  |c Gabriela Dubcová, Ľubica Foltínová 
520 |a Základné princípy, definícia a klasifikácia zodpovednosti spoločností na trvalo udržateľnom rozvoji. Ciele a úlohy manažmentu. Legislatíva EÚ a Slovenska v tejto oblasti. 
610 2 0 |a rozvoj trvalo udržateľný 
610 2 0 |a manažment 
610 2 0 |a ukazovatele 
610 2 0 |a spoločnosti 
610 2 0 |a zodpovednosť podniku spoločenská 
100 1 |a Dubcová, Gabriela, 1968- 
700 1 |a Foltínová, Ľubica, 1975-